Dopady liberalizačného procesu na železničné spoločnosti Slovenska

Salvato in:
Dettagli Bibliografici
Autore principale: Kintler, Jakub, 1979-
Natura: Capitolo di libro
Lingua:slovacco
Tags: Aggiungi Tag
Nessun Tag, puoi essere il primo ad aggiungerne!!

MARC

LEADER 00000nla a2200000 4500
001 0194981
005 20240603074418.4
041 0 |a slo 
044 |a SK 
245 1 0 |a Dopady liberalizačného procesu na železničné spoločnosti Slovenska  |c Jakub Kintler 
500 |a Abstrakt 
100 1 |a Kintler, Jakub, 1979-